000 00718nam a2200289Ia 4500
005 20260324121954.0
008 008 260324s9999 xx 000 0 eng d
020 _a9781315890128
037 _aEBOOK
040 _aCRL
040 _beng
040 _cCRL
041 _2eng
041 _aeng
084 _qCRL
100 _aPablo Lorenzo-Eiroa; Aaron Sprecher
_91164605
245 0 _aArchitecture in Formation
245 0 _bOn the Nature of Information in Digital Architecture
260 _bTaylor and Francis
260 _c2013
365 _a
365 _b290
856 _uhttp://www.taylorfrancis.com/books/9781315890128
942 _cEBOOK
999 _c1757019
_d1757019